|
|
|
|
| LEADER |
01024cam a2200253 7i4500 |
| 001 |
0000078997 |
| 005 |
20240307090000.0 |
| 020 |
|
|
|a 9789811252945 (electronic book)
|
| 090 |
0 |
0 |
|a QA314
|b .S26 2023
|
| 100 |
1 |
|
|a Sandev, Trifce
|
| 245 |
1 |
0 |
|a Special functions of fractional calculus :
|b applications to diffusion and random search processes
|c Trifce Sandev, Alexander Iomin.
|
| 264 |
|
|
|a SingaporebWorld Scientific Publishing Co. Pte. Ltd.,
|c 2023.
|
| 300 |
|
|
|a 1 online resource (xvii, 273 pages):
|b illustrations, text file, PDF.
|
| 336 |
|
|
|a text
|2 rdacontent
|
| 337 |
|
|
|a computer
|2 rdamedia
|
| 338 |
|
|
|a online resource
|2 rdacarrier
|
| 650 |
|
0 |
|a Functions, Special
|
| 650 |
|
0 |
|a Fractional calculus
|
| 655 |
|
0 |
|a Electronic books
|
| 700 |
1 |
|
|a Iomin, Alexander
|
| 856 |
4 |
2 |
|u http://library.unisel.edu.my/web/guest/mylibrary
|
| 997 |
|
|
|a Communication, Visual Art & Computing, Faculty
|b Computing, Department
|
| 998 |
|
|
|a Mathematics with Statistics, Degree
|
| 999 |
|
|
|a EBO0021407
|b EBOOK
|c EBOOK
|e Electronic resources
|